• 首页
  • 本馆介绍
  • 公告通知
  • 最新文献
  • 馆藏检索
  • 电子资源
  • 读者导购
  • 参考咨询
  • 我的图书馆
  • 登录
  • 详细信息显示
  • 放入我的书架
  • 预约/预借图书
  • 作者相关作品
  • 分类相关作品
  • 丛书相关作品
  • 出版社相关作品

书目信息

  • 表格格式
  • 工作单格式
  • 卡片格式
题名:
几何精度规范学
    
 
作者: 何永熹 , 武充沛 主编
分册:  
出版信息: 北京   北京理工大学出版社  2006.08
页数: 293页
开本: 26cm
丛书名: 高等学校机械基础课程系列教材
单 册:
中图分类: TG801
科图分类:
主题词: 机械加工--ji xie jia gong--几何误差--高等学校--教材
电子资源:
ISBN: 978-7-5640-0103-2
000 01153oam2 2200301 450
001 469688
005 20201119145953.73
010    @a978-7-5640-0103-2@dCNY38.00
100    @a20100503e20202006ekmy0chiy0121 ea
101 0  @achi
102    @aCN@b110000
105    @aak a 000yy
106    @ar
200 1  @a几何精度规范学@9ji he jing du gui fan xue@f何永熹, 武充沛主编
205    @a2版
210    @a北京@c北京理工大学出版社@d2006.08@h2020.01
215    @a293页@c图@d26cm
225 2  @a高等学校机械基础课程系列教材@9gao deng xue xiao ji xie ji chu ke cheng xi lie jiao cai
320    @a有书目
330    @a本书介绍了几何精度设计及精度规范的基本概念,表面、尺寸、形状和位置等基本几何精度的规范,几何精度检测原理、误差评定和检测规范等,附有习题和教学用数据表格。
333    @a适用于普通高等学校机械工程学科学生的基础教材, 也可供机械工程技术人员参考使用
461  0 @12001 @a高等学校机械基础课程系列教材
606 0  @a机械加工@9ji xie jia gong@x几何误差@x高等学校@j教材
690    @aTG801@v5
701  0 @a何永熹@9he yong xi@4主编
701  0 @a武充沛@9wu chong pei@4主编
801  0 @aCN@bBJSZM@c20201119
905    @b1268064-6@dTG801@e20=2@f3
    
    几何精度规范学/何永熹, 武充沛主编.-2版.-北京:北京理工大学出版社,2006.08(2020.01)
    293页:图;26cm.-(高等学校机械基础课程系列教材)
    使用对象:适用于普通高等学校机械工程学科学生的基础教材, 也可供机械工程技术人员参考使用
    
    ISBN 978-7-5640-0103-2:CNY38.00
    本书介绍了几何精度设计及精度规范的基本概念,表面、尺寸、形状和位置等基本几何精度的规范,几何精度检测原理、误差评定和检测规范等,附有习题和教学用数据表格。
●
相关链接 在E读中查询图书 在五车中查询图书 在当当中查询图书 在豆瓣中查询图书


正题名:几何精度规范学     索取号:TG801/20=2         预约/预借

序号 登录号 条形码 馆藏地/架位号 状态 备注
1 1268064   212680641   第二样本阅览室/ [索取号:TG801/20=2] 在馆    
2 1268065   212680650   第三借阅区/ [索取号:TG801/20=2] 在馆    
3 1268066   212680669   第三借阅区/ [索取号:TG801/20=2] 在馆    
唐山师范学院图书馆 欢迎您!
大连网信软件有限公司© 版权所有